[Event "Innsbruck op 5th"]
[Site "Innsbruck"]
[Date "2021.08.26"]
[Round "7"]
[White "Yarzagaray, Antonio"]
[Black "Monninger, Moritz Franz"]
[Result "0-1"]
[WhiteElo "1941"]
[BlackElo "2028"]
[PlyCount "60"]
[EventDate "2021.08.21"]
[EventType "swiss"]
[EventRounds "9"]
[EventCountry "AUT"]
[SourceTitle "CBM 204 Extra"]
[Source "ChessBase"]
[SourceDate "2021.11.30"]
[SourceVersion "1"]
[SourceVersionDate "2021.11.30"]
[SourceQuality "1"]

1. e4 e6 2. d4 d5 3. exd5 exd5 4. Nf3 Bd6 5. Bd3 Nc6 6. c3 Bg4 7. 0-0 Nge7 8. Re1 Qd7 9. Nbd2 0-0-0 10. b4 Rde8 11. a4 Ng6 12. a5 Nh4 13. Be2 Qe7 14. Kf1 Qf6 15. b5 Nd8 16. Ne5 Bxe2+ 17. Qxe2 Ne6 18. b6 a6 19. bxc7 Nxg2 20. Ndf3 Nxe1 21. Kxe1 Qf5 22. Be3 Bxc7 23. Qb2 f6 24. Rb1 Nd8 25. Nf7 Qxf3 26. Nxd8 Kxd8 27. Qxb7 Rxe3+ 28. fxe3 Re8 29. Rb6 Rxe3+ 30. Kd2 Re2+ 0-1